| 000 | 01087 a2200325 4500 | ||
|---|---|---|---|
| 999 |
_c200421958 _d15092 |
||
| 001 | 200421958 | ||
| 003 | TR-AnTOB | ||
| 005 | 20230712001144.0 | ||
| 008 | 150512r20102013tu 001 0 | ||
| 020 | _a9786054627332 | ||
| 040 |
_aTR-AnTOB _beng _erda _cTR-AnTOB |
||
| 041 | _atur | ||
| 050 | 0 |
_aDR590 _b.A83 2013a |
|
| 090 | _aDR590 .A83 2013a | ||
| 245 | 0 | 0 |
_aAtatürk ve Türk inkılâp tarihi / _ceditör Fatma Acun. |
| 264 | 1 |
_aAnkara : _bSiyasal Kitabevi , _c2013. |
|
| 300 |
_a424 pages : _billustration ; _c24 cm. |
||
| 336 |
_atext _2rdacontent _btxt |
||
| 337 |
_aunmediated _2rdamedia _bn |
||
| 338 |
_avolume _2rdacarrier _bnc |
||
| 600 | 0 |
_aAtatürk, Kemal, _d1881-1938 _xPolitical and social views _920963 |
|
| 650 | 0 |
_aKemalism _9117908 |
|
| 651 | 0 |
_aTürkiye _xSiyaset ve yönetim _y1918-1960 _986916 |
|
| 651 | 0 |
_aTürkiye _xSiyaset ve yönetim _y1878-1909 _985673 |
|
| 651 | 0 |
_aTürkiye _xTarih _yII. Meşrutiyet, 1908 _971928 |
|
| 651 | 0 |
_aTürkiye _xTarih _yKurtuluş Savaşı, 1918-1923 _910811 |
|
| 700 | 1 |
_aAcun, Fatma _9106169 |
|
| 942 |
_cBK _2lcc |
||